Marketing Research (Record no. 2077)

MARC details
000 -LEADER
fixed length control field 00385nam a22001697a 4500
005 - DATE AND TIME OF LATEST TRANSACTION
control field 20160530093212.0
008 - FIXED-LENGTH DATA ELEMENTS--GENERAL INFORMATION
fixed length control field 160530b xxu||||| |||| 00| 0 eng d
020 ## - INTERNATIONAL STANDARD BOOK NUMBER
ISBN 978-0-07-022087-4
041 ## - LANGUAGE CODE
Language code of text/sound track or separate title eng
082 ## - DEWEY DECIMAL CLASSIFICATION NUMBER
Item number 5855
100 ## - MAIN ENTRY--AUTHOR NAME
Personal name Nargundkar, Rajendra
245 ## - TITLE STATEMENT
Title Marketing Research
260 ## - PUBLICATION, DISTRIBUTION, ETC. (IMPRINT)
Name of publisher TMH
Year of publication 2010
300 ## - PHYSICAL DESCRIPTION
Number of Pages 527
650 ## - SUBJECT ADDED ENTRY--TOPICAL TERM
Topical Term Management
942 ## - ADDED ENTRY ELEMENTS (KOHA)
Koha item type Books
Holdings
Lost status Damaged status Home library Shelving location Date acquired Cost, normal purchase price Full call number Accession Number Koha item type Collection code Current library
    JRU Library SHELF- 66 A 30/05/2016 315.00 5855 5855 Books    
    JRU Library SHELF- 66 A 30/05/2016 315.00 5855 5856 Books MANAGEMENT JRU Library
    JRU Library SHELF- 66 A 30/05/2016 315.00 5855 5857 Books MANAGEMENT JRU Library
    JRU Library SHELF- 66 A 30/05/2016 315.00 5855 5858 Books MANAGEMENT JRU Library
    JRU Library SHELF-29-F 30/05/2016 315.00 5855 5859 Books Reference  
    JRU Library SHELF- 66 A 30/05/2016 315.00 5855 5860 Books MANAGEMENT JRU Library